When colleges sang (Record no. 38957)
[ view plain ]
| 000 -LEADER | |
|---|---|
| fixed length control field | 01817nam a2200361 a 4500 |
| 082 04 - DEWEY DECIMAL CLASSIFICATION NUMBER | |
| Classification number | 782.0088/37873 |
| 100 1# - MAIN ENTRY--AUTHOR NAME | |
| Personal name | Winstead, J. Lloyd, |
| 245 10 - TITLE STATEMENT | |
| Title | When colleges sang |
| 260 ## - PUBLICATION, DISTRIBUTION, ETC. (IMPRINT) | |
| Place of publication | Tuscaloosa : |
| Name of publisher | University of Alabama Press, |
| Year of publication | 2013. |
| 300 ## - PHYSICAL DESCRIPTION | |
| Number of Pages | xii, 340 p. : |
| Other physical details | ill., facsims. |
| 505 0# - FORMATTED CONTENTS NOTE | |
| Formatted contents note | College singing amid the Puritan culture, 1636-1700 -- Sacred and secular college singing, 1700-1800 -- Singing in student organizations, 1800-1850 -- The first college songbooks, 1850-1890 -- College singing at the turn of the century, 1890-1910 -- Warring, roaring, and scoring, 1910-1930 -- Sounds of college life, 1930-1950 -- Singing traditions, 1950-present. |
| 650 #0 - SUBJECT ADDED ENTRY--TOPICAL TERM | |
| Topical Term | Vocal groups |
| Topical Term | Singing |
| Topical Term | Music in universities and colleges |
| Topical Term | Students' songs |
| 856 40 - ELECTRONIC LOCATION AND ACCESS | |
| Uniform Resource Identifier | http://site.ebrary.com/lib/rucke/Doc?id=10726817 |
No items available.
